La vérité j'aime trop de Léo Succulent (parole) - Statistiques

Statistiques générales
  • Ce quiz a été pris 14 fois
    12 depuis la dernière actualisation
  • Le résultat moyen est 226 sur 407
Statistiques - réponses
Parole % Correct
fesses
92%
La
92%
la
92%
Le
92%
les
92%
de
83%
j'ai
83%
j'aime
83%
J'aime
83%
miam
83%
que
83%
Que
83%
trop
83%
vérité
83%
fait
75%
à
67%
bombées
67%
croquer
67%
en
67%
envie
67%
qu'elles
67%
soient
67%
ce
58%
l'aise
58%
ta
58%
va
58%
Vas-y
58%
V'as-y
58%
chaise
50%
mon
50%
visage
50%
c'est
42%
mets-toi
42%
pas
42%
toi
33%
gaffe
25%
ouais
25%
t'achètes
25%
Tu
25%
tu
25%
wow
25%
ah
17%
bébé
17%
des
17%
fais
17%
une
17%
athlètes
8%
avant
8%
bien
8%
Ca
8%
ça
8%
comme
8%
Comme
8%
dans
8%
deux
8%
Devant
8%
devant
8%
disquette
8%
du
8%
escaliers
8%
est
8%
je
8%
l'aisser
8%
moi
8%
passer
8%
profiter
8%
quand
8%
sais
8%
si
8%
sport
8%
te
8%
Aujourd'hui
0%
avec
0%
bref
0%
câbles
0%
compris
0%
Danette
0%
delicieuse
0%
eh
0%
faire
0%
fenêtre
0%
formes
0%
j'graille
0%
j'te
0%
jure
0%
là-haut
0%
l'on
0%
lune
0%
Mais
0%
même
0%
m'obsède
0%
par
0%
pareil
0%
personne
0%
pète
0%
plaiz
0%
planètes
0%
pour
0%
pouvoir
0%
t'as
0%
t'inquiètes
0%
Tout
0%
très
0%
trés
0%
truc
0%
T'sais
0%
vignette
0%
vois
0%
y'a
0%
Aucun quiz correspondant
Distribution des résultats
% des personnes avec chaque résultat
Percentile par nombre de réponses
Votre historique - résultats
Vous n’avez pas pris ce quiz depuis la dernière actualisation